| 000 | 00458cam a2200205ua 4500 | ||
|---|---|---|---|
| 001 | 8737 | ||
| 005 | 20260515114354.0 | ||
| 008 | 150213n ii |||gr||||Z||||||eng | ||
| 020 | _a9788172235406 | ||
| 040 | _cMAIN | ||
| 041 | _aeng | ||
| 082 | _a823 | ||
| 100 |
_aCoelho, P., _eAuthor. |
||
| 245 | 1 |
_aValkyries _cBy Paulo Coelho |
|
| 250 | _a1st. | ||
| 260 |
_aNew Delhi: _bHarper, _c2005. |
||
| 300 | _a245p. | ||
| 653 | _aEnglish fiction | ||
| 942 | _cBK | ||
| 999 |
_c7828 _d7828 |
||